Gabriela Sauer Kolčavová a Ondřej Přibyl : další kapitola /

Hlavní autor: Sauer Kolčavová, Gabriela, 1977-
Další autoři: Přibyl, Ondřej, 1978-, Pátek, Jiří, 1970-
Jazyk: Čeština
Vydáno: [Ostrava] : Fotografická galerie Fiducia, 2021
Edice: FGF
Témata:
Externí odkaz: Digitalizovaný dokument
Fyzický popis: 31 stran : ilustrace ; 21 cm
Knihy
Uloženo v:
LEADER 01946nam a2200529 i 4500
001 nkc20223424020
003 CZ PrNK
005 20220624101140.0
007 ta
008 220530s2021 xr a e c 000 0dcze
020 |q (Brožováno) 
040 |a BOA001  |b cze  |e rda 
043 |a e-xr--- 
045 |a y-y- 
072 7 |a 77  |x Fotografie. Fotografické postupy  |2 Konspekt  |9 21 
080 |a 77.04  |2 MRF 
080 |a 77.065  |2 MRF 
080 |a (437.3)  |2 MRF 
080 |a (083.824)  |2 MRF 
100 1 |a Sauer Kolčavová, Gabriela,  |d 1977-  |7 mzk2008486658  |4 art 
245 1 0 |a Gabriela Sauer Kolčavová a Ondřej Přibyl :  |b další kapitola /  |c text Jiří Pátek 
246 3 0 |a Další kapitola 
264 1 |a [Ostrava] :  |b Fotografická galerie Fiducia,  |c 2021 
300 |a 31 stran :  |b ilustrace ;  |c 21 cm 
336 |a text  |b txt  |2 rdacontent 
336 |a statický obraz  |b sti  |2 rdacontent 
337 |a bez média  |b n  |2 rdamedia 
338 |a svazek  |b nc  |2 rdacarrier 
490 1 |a FGF ;  |v sv. 53 
500 |a Název z obálky 
500 |a 300 výtisků 
600 1 7 |a Sauer Kolčavová, Gabriela,  |d 1977-  |7 mzk2008486658  |2 czenas 
600 1 7 |a Přibyl, Ondřej,  |d 1978-  |7 jo2007416071  |2 czenas 
648 7 |a 21. století  |7 ch460559  |2 czenas 
650 0 7 |a umělecká fotografie  |7 ph126879  |z Česko  |y 21. století  |2 czenas 
650 0 7 |a černobílá fotografie  |7 ph166376  |z Česko  |y 21. století  |2 czenas 
655 7 |a katalogy výstav  |7 fd132536  |2 czenas 
700 1 |a Přibyl, Ondřej,  |d 1978-  |7 jo2007416071  |4 art 
700 1 |a Pátek, Jiří,  |d 1970-  |7 js20020617024  |4 wfw 
830 0 |a FGF  |0 s 
856 4 1 |u http://www.digitalniknihovna.cz/mzk/uuid/uuid:ec651dd0-3d93-11ed-9856-005056827e51  |y Digitalizovaný dokument  |x NDK 
910 2 |a BOA001  |b 2-1488.266 
928 9 |a Fiducia 
990 |a BK 
995 |a 61 
991 |b 202206  |c NOV 
996 6 |b 2610906175  |c 2-1488.266  |l MZK  |r Sklad / do 1 hodiny  |n 0  |p p.v.  |w 001890028  |u 000010  |a 1  |e BOA001  |j MZK50  |s P